01680nam a2200385 a 4500001001000000003000500010005001700015008004100032010001100073011001100084040000900095090001000104100004700114245015700161260004100318500006000359502010500419590004100524590004100565590004000606590004000646590004000686650003000726650005000756650004000806650004000846650002000886856007000906901000700976942001000983942000600993999001900999952013601018952014001154000111399CHAP20220329144209.0150407s2015 mx a fsm |||||||spa d a107861 a108833 cCHAP aTesis1 aVelasco Alcántara, Elizabeth Liz912925814aLos paisajes culturales en Pantelhó, Chiapas :h[En línea]bla construcción de la diversidad territorial /cpor Elizabeth Liz Velasco Alcántara. aChapingo, Méx. :bEl autor,c2015. aPara ver el contenido del material haga clic en la liga aTesis (M. C. en Desarrollo Rural Regional) -- UACH. Dirección de Centros Regionales Universitarios aE11695DGDb10c20150410lUCH01h0919 aE11695DGDb10c20150414lUCH01h1420 aE6096MTMb05c20150407lUCH01h1344 aE6096MTMb05c20150407lUCH01h1346 aE6096MTMb05c20150407lUCH01h140214aDiversificación.93300914aHombrexInfluencia del medio ambiente.95604014aIndios de ChiapasxCultura.912783914aIndios de ChiapasxHistoria.95759514aPaisaje.984761 aFinding aiduhttp://10.13.5.2/tesis/sist111399.pdfzTeclea aquí aBK cTESIS n0 c107861d107861 00104054718TESISaBCbBCd2015-04-07fTESISl0oTesisp33724002480199r2019-12-31 00:00:00w2019-12-31yTESISzRecien adquirido 00102local4053708TESISaBCbBCcPA_TESISd2015-04-07fTESISl0oTesisp33724002480231r2019-12-31 00:00:00tc.2w2019-12-31yTESIS